000
00315nam a22001337a 4500
008
181016b xxu||||| |||| 00| 0 eng d
020
_a
9781416054689
041
_a
eng
080
_2
6 ed
_a
610.73
100
_a
3
101
_a
nur
245
_a
The Practice Of Nursing Research
_c
Burns.N
942
_2
udc
_c
BK
999
_c
49919
_d
49919